Lo posthumano / (Registro nro. 41114)
[ vista simple ]
| 000 -LEADER | |
|---|---|
| fixed length control field | 01128cam a2200325 i 4500 |
| 001 - CONTROL NUMBER | |
| control field | 41114 |
| 003 - CONTROL NUMBER IDENTIFIER | |
| control field | Mx-PuUPA |
| 005 - DATE AND TIME OF LATEST TRANSACTION | |
| control field | 20260209121024.0 |
| 008 - FIXED-LENGTH DATA ELEMENTS--GENERAL INFORMATION | |
| fixed length control field | 140415s2025 sp a gr 001 0 spa d |
| 017 ## - COPYRIGHT OR LEGAL DEPOSIT NUMBER | |
| Copyright or legal deposit number | B-3402-2025 |
| 020 ## - INTERNATIONAL STANDARD BOOK NUMBER | |
| International Standard Book Number | 9788425452147 |
| 040 ## - CATALOGING SOURCE | |
| Original cataloging agency | Mx-PuUPA |
| Language of cataloging | spa |
| Transcribing agency | Mx-PuUPA |
| Modifying agency | Mx-PuUPA |
| Description conventions | rda |
| 041 1# - LANGUAGE CODE | |
| Language code of text/sound track or separate title | spa |
| Language code of original | eng |
| 100 1# - MAIN ENTRY--PERSONAL NAME | |
| Personal name | Braidotti, Rosi, |
| Dates associated with a name | 1954- |
| Relator term | autor |
| 9 (RLIN) | 17822 |
| 240 14 - UNIFORM TITLE | |
| Uniform title | The Posthuman. |
| Language of a work | Español |
| 245 13 - TITLE STATEMENT | |
| Title | Lo posthumano / |
| Statement of responsibility, etc. | Rosi Braidotti, traducción de Juan Carlos Gentile Vitale |
| 264 #1 - PRODUCTION, PUBLICATION, DISTRIBUTION, MANUFACTURE, AND COPYRIGHT NOTICE | |
| Place of production, publication, distribution, manufacture | Barcelona, España : |
| Name of producer, publisher, distributor, manufacturer | Herder Editorial, |
| Date of production, publication, distribution, manufacture, or copyright notice | ©2025 |
| 300 ## - PHYSICAL DESCRIPTION | |
| Extent | 279 páginas : |
| Other physical details | ilustraciones (blanco y negro) ; |
| Dimensions | 22 cm |
| 336 ## - CONTENT TYPE | |
| Fuente | rdacontent |
| Content type term | texto |
| Content type code | txt |
| 337 ## - MEDIA TYPE | |
| Source | rdamedia |
| Media type term | sin medio |
| Media type code | n |
| 338 ## - CARRIER TYPE | |
| Source | rdacarrier |
| Carrier type term | volumen |
| Carrier type code | nc |
| 490 0# - SERIES STATEMENT | |
| Series statement | Pensamiento Herder |
| 650 #7 - SUBJECT ADDED ENTRY--TOPICAL TERM | |
| Source of heading or term | armarc |
| Topical term or geographic name entry element | Antropología filosófica |
| 650 #7 - SUBJECT ADDED ENTRY--TOPICAL TERM | |
| Source of heading or term | armarc |
| Topical term or geographic name entry element | Seres Humanos |
| 700 1# - ADDED ENTRY--PERSONAL NAME | |
| Personal name | Gentile Vitale, Juan Carlos, |
| Relator term | traductor |
| 765 0# - ORIGINAL LANGUAGE ENTRY | |
| Main entry heading | Braidotti, Rosi |
| Title | The Posthuman |
| Place, publisher, and date of publication | Cambridge : Polity Press, ©2024 |
| 942 ## - ADDED ENTRY ELEMENTS (KOHA) | |
| Source of classification or shelving scheme | Dewey Decimal Classification |
| Koha item type | Libro |
| Classification part | 128 |
| Item part | B7318 |
| Withdrawn status | Lost status | Source of classification or shelving scheme | Damaged status | Not for loan | Collection code | Home library | Current library | Shelving location | Date acquired | Source of acquisition | Total Checkouts | Total Renewals | Full call number | Barcode | Checked out | Date last seen | Date last checked out | Price effective from | Koha item type |
|---|---|---|---|---|---|---|---|---|---|---|---|---|---|---|---|---|---|---|---|
| Dewey Decimal Classification | Magisterial | Biblioteca Karol Wojtyla | Biblioteca Karol Wojtyla | Módulo de circulación | 03/12/2013 | Compra | 1 | 1 | 128 B7318 2025 | 62036 | 17/02/2027 | 18/02/2026 | 18/02/2026 | 03/12/2013 | Magisterial |